Piłkarze Bayer'u Leverkusen - Statystyki

Ogólne statystyki
  • Ten quiz został rozwiązany 54 razy
    5 od ostatniego zresetowania
  • Średni wynik to 12 z 26
Statystyki odpowiedzi
Piłkarz Narodowość Pozycja % Poprawnych
Alejandro Grimaldo Hiszpania Obrońca
100%
Edmond Tapsoba Burkina Faso Obrońca
100%
Exequiel Palacios Argentyna Pomocnik
100%
Patrik Schick Czechy Napastnik
100%
Aleix García Hiszpania Pomocnik
80%
Jarell Quansah Anglia Obrońca
80%
Mark Flekken Holandia Bramkarz
80%
Robert Andrich Niemcy Pomocnik
80%
Lucas Vázquez Hiszpania Obrońca
60%
Malik Tillman USA Pomocnik
60%
Ibrahim Maza Algeria Pomocnik
40%
Loïc Badé Francja Obrońca
40%
Nathan Tella Nigeria Napastnik
40%
Niklas Lomb Niemcy Bramkarz
40%
Alejo Sarco Argentyna Napastnik
20%
Arthur Brazylia Obrońca
20%
Axel Tape Francja Obrońca
20%
Christian Kofane Kamerun Napastnik
20%
Claudio Echeverri Argentyna Pomocnik
20%
Eliesse Ben Seghir Maroko Napastnik
20%
Equi Fernández Argentyna Pomocnik
20%
Ernest Poku Holandia Napastnik
20%
Janis Blaswich Niemcy Bramkarz
20%
Jeanuël Belocian Francja Obrońca
20%
Martin Terrier Francja Napastnik
20%
Jonas Hofmann Niemcy Pomocnik
0%
Nie znaleziono quizów pasujących do podanych kryteriów
Rozkład punktacji
Procent ludzi z każdym wynikiem
Percentyl według liczby udzielonych odpowiedzi
Twoja historia wyników
Nie rozwiązałeś tego quizu od ostatniego zresetowania